书目信息 |
| 题名: |
足球裁判法图解
|
|
| 作者: | 刘浩 编著 | |
| 分册: | ||
| 出版信息: | 北京 北京体育大学出版社 2002.05 |
|
| 页数: | 216页 | |
| 开本: | 21cm | |
| 丛书名: | 裁判法图解系列丛书 | |
| 单 册: | ||
| 中图分类: | G843.4-64 | |
| 科图分类: | ||
| 主题词: | 球类运动--裁判法--图解 | |
| 电子资源: | ||
| ISBN: | 7-81051-751-1 | |
| 000 | 00642nam2 2200217 45 | |
| 001 | 0401291651 | |
| 005 | 20040129170016.9 | |
| 010 | @a7-81051-751-1@dCNY18.00 | |
| 100 | @a20040129d2002 km y0chiy0120 ea | |
| 101 | 0 | @achi |
| 105 | @aa z 000yy | |
| 200 | 1 | @a足球裁判法图解@AZu Qiu Cai Pan Fa Tu Jie@f刘浩编著@FLiu Hao Bian Zhu |
| 210 | @a北京@c北京体育大学出版社@d2002.05 | |
| 215 | @a216页@c图@d21cm | |
| 225 | @a裁判法图解系列丛书 | |
| 410 | @12001 @a裁判法图解系列丛书 | |
| 606 | 0 | @a球类运动@x裁判法@x图解 |
| 690 | @aG843.4-64@v4 | |
| 701 | @a刘浩@4编著 | |
| 801 | @aCN@bTSTCL@c20040129 | |
| 905 | @b333042-046@dG843.4-64@e160@f5 | |
| 足球裁判法图解/刘浩编著.-北京:北京体育大学出版社,2002.05 |
| 216页:图;21cm.-(裁判法图解系列丛书) |
| ISBN 7-81051-751-1:CNY18.00 |
| ● |
| 相关链接 |
|
|
|
|
正题名:足球裁判法图解
索取号:G843.4-64/160
 
预约/预借
| 序号 | 登录号 | 条形码 | 馆藏地/架位号 | 状态 | 备注 |
| 1 | 0333042 | 203330421 | 第四借阅区/ [索取号:G843.4-64/160] | 在馆 | |
| 2 | 0333043 | 203330430 | 第四借阅区/ [索取号:G843.4-64/160] | 在馆 | |
| 3 | 0333044 | 203330449 | 第四借阅区/ [索取号:G843.4-64/160] | 在馆 | |
| 4 | 0333045 | 203330458 | 第四借阅区/ [索取号:G843.4-64/160] | 在馆 | |
| 5 | 0333046 | 203330467 | 第一样本阅览室/ [索取号:G843.4-64/160] | 在馆 |